[Event "Box Hill op"]
[Site "Box Hill"]
[Date "2019.11.15"]
[Round "4"]
[White "Li, Oliver"]
[Black "Mehta, Malhaar Bipin"]
[Result "1-0"]
[WhiteElo "1563"]
[BlackElo "958"]
[PlyCount "119"]
[EventDate "2019.10.18"]
[EventType "swiss"]
[EventRounds "9"]
[EventCountry "AUS"]
[SourceTitle "EXT 2021"]
[Source "ChessBase"]
[SourceDate "2020.10.23"]
[SourceVersion "1"]
[SourceVersionDate "2020.10.23"]
[SourceQuality "1"]

1. d4 e5 2. dxe5 Nc6 3. Nf3 Bc5 4. Bf4 d6 5. e3 a6 6. c3 Nge7 7. b4 Bb6 8. exd6 cxd6 9. Bxd6 0-0 10. Bd3 Kh8 11. Bg3 Bg4 12. 0-0 Bxf3 13. gxf3 Qd7 14. Be4 Qh3 15. f4 Rad8 16. Qe2 Rd6 17. Nd2 Bc7 18. Bg2 Qd7 19. Ne4 Rg6 20. Nc5 Qc8 21. Rad1 Nf5 22. Be4 Nxg3 23. fxg3 Rh6 24. Bxc6 bxc6 25. Nxa6 Bb6 26. Nc5 Re8 27. Rd3 Qf5 28. Rfd1 Bxc5 29. bxc5 Qxc5 30. Ra1 Rhe6 31. Kf2 Rh6 32. h4 Qe7 33. a4 c5 34. e4 c4 35. Rd4 f5 36. e5 Rc6 37. Rxc4 Qa7+ 38. Kg2 Rec8 39. Rxc6 Rxc6 40. Qd3 Qa8 41. Kf2 Qa5 42. Rd1 Rc8 43. e6 Re8 44. Qb5 Qa7+ 45. Kf1 Qa8 46. Qd5 Qxa4 47. e7 Rxe7 48. Re1 Qa6+ 49. c4 Rxe1+ 50. Kxe1 Qa1+ 51. Ke2 Qa2+ 52. Ke3 Qb3+ 53. Kd4 Qd1+ 54. Ke5 Qe1+ 55. Kxf5 g6+ 56. Kf6 Qc3+ 57. Qe5 Qxc4 58. Ke7+ Kg8 59. Qb8+ Kg7 60. Qf8# 1-0

[Event "Begonia op 52nd"]
[Site "Ballarat"]
[Date "2018.03.10"]
[Round "2"]
[White "Li, Oliver"]
[Black "Booth, Stewart"]
[Result "0-1"]
[WhiteElo "1683"]
[BlackElo "2087"]
[PlyCount "70"]
[EventDate "2018.03.10"]
[EventType "swiss"]
[EventRounds "7"]
[EventCountry "AUS"]
[SourceTitle "EXT 2019"]
[Source "ChessBase"]
[SourceDate "2018.10.10"]
[SourceVersion "1"]
[SourceVersionDate "2018.10.10"]
[SourceQuality "1"]

1. d4 d5 2. c4 c6 3. Nc3 Nf6 4. Nf3 e6 5. e3 Nbd7 6. Qc2 a6 7. b3 Bb4 8. Bb2 Ne4 9. Bd3 f5 10. 0-0 0-0 11. a3 Bd6 12. b4 Ndf6 13. c5 Bc7 14. a4 Qe8 15. Qb3 Bd7 16. Ba3 Qh5 17. h3 g5 18. Be2 g4 19. Nxe4 Nxe4 20. Ne5 Bxe5 21. dxe5 Nd2 22. Qd1 Nxf1 23. Qxf1 Qh4 24. b5 gxh3 25. gxh3 axb5 26. axb5 Kh8 27. Kh2 f4 28. exf4 Qxf4+ 29. Kg2 cxb5 30. Bg4 Rg8 31. Kh1 d4 32. Bb2 Bc6+ 33. f3 Rxa1 34. Bxa1 Rxg4 35. hxg4 Bxf3+ 0-1